000 00636nam a2200205Ia 4500
003 GCL
008 140319s9999 xx 000 0 ara d
040 _aGCL /
_cGCL
082 0 4 _a547
_bد ك
100 1 _aديورانت، ب.ج
245 1 0 _aالكيمياء العضوية /
_cديورانت، ب.ج
700 1 _aحسنى احمد المنجورى (مترجم)
700 1 _aابراهيم محمد رشدى
700 1 _aجبرة سليمان (مراجع)
260 _a[S.N] :
_bدار الفكر العربى ،
_c1995
300 _a776 ص
490 _a
650 0 4 _aالكيمياء العضوية
942 _2ddc
_cBK
999 _c30394
_d30394